| 000 | 00630cam a2200217 4500 | ||
|---|---|---|---|
| 001 | sa 68015658 | ||
| 003 | DLC | ||
| 005 | 20260227112645.0 | ||
| 008 | 700507s1967 ii 00000 eng | ||
| 010 | _asa 68015658 | ||
| 025 | _aPL480:I-E-9459 | ||
| 050 | 0 |
_aHD4966.R82 _bI5 |
|
| 082 | _a331.2/83/389520954 | ||
| 110 | 1 | 0 |
_aIndia (Republic). _bCentral Wage Board for the Rubber Plantation Industry. |
| 245 | 0 | 0 | _aReport, 1966. |
| 260 | 0 |
_aDelhi, _bManager of Publications, _c1967. |
|
| 300 |
_aiv, 133 p. _c33 cm. |
||
| 350 | _a6.75 ($2.43) | ||
| 500 | _aCover title. | ||
| 650 | 0 |
_aWages _xRubber plantation workers _zIndia. |
|
| 999 |
_c86592 _d86592 |
||